000 00422nam a22001697a 4500
003 NUST - PNEC
005 20170116181106.0
008 151003b xxu||||| |||| 00| 0 eng d
020 _a-
040 _cLIBRARY
082 _a671.52 GLI
100 _912642
_aGlizmanenko, G.
245 _aGas welding and cutting
_cG. Glizmanenko
260 _c-
650 _912643
_aGas welding and cutting
_xME , IME
942 _2ddc
_cBK
999 _c68934
_d68934